| 000 | 00722cam a22001934a 4500 | ||
|---|---|---|---|
| 005 | 20250605164337.0 | ||
| 008 | 250528s ||||||||||||||||||||||||d | ||
| 035 | _a23473 | ||
| 040 |
_aGR-AtMCL _bgre _dGR-AtMCL _eAACR2 |
||
| 245 | 1 | _aThe Effect of Gender, Age and Income in the Occupational Stress in Naval. | |
| 260 | _c2014 | ||
| 300 | _a55 | ||
| 520 | _aIntroduction, The Job Demands - Control Resources Model, The Effort Imbalance Model, Methodology, Design, Participants, Ethics, Materials, Procedure, Analytic Strategy, Hypothesis, Discussion, Conclusion, References, Appendix. | ||
| 700 | 1 |
_aLouka Penelope _99017 |
|
| 700 | 1 |
_aSalomidou Simela _99039 |
|
| 942 | _cDS | ||
| 999 |
_c8483 _d8483 |
||